000 01067nam a2200325 a 4500
003 CHAP
005 20220817044442.0
008 110530s2011 mx 00010 spa d
010 _a101340
011 _a102312
020 _a9786074941609
035 _a113000
040 _cCHAP
090 _aCD-368
110 1 _aInstituto Nacional de Estadística y Geografía. México
245 1 0 _aDurango [Disco compacto]:
_bcompendio censal del siglo XX
_c/por Instituto Nacional de Estadística y Geografía
260 _aAguascalientes, Ags. :
_bINEGI,
_cc2011
300 _a1 disco compacto :
_c4 3/4 plgs.
490 0 _aMemoria
590 _aBATCH-UPD
_b10
_c20130110
_lUCH01
_h0859
590 _aBATCH-UPD
_b10
_c20130410
_lUCH01
_h0529
590 _aBATCH-UPD
_b10
_c20130914
_lUCH01
_h1223
590 _aCONVERSION
_b10
_c20130109
_lUCH01
_h1356
650 1 4 _aDurango
_xCensos.
_934552
650 1 4 _aDurango
_xEstadísticas.
_934560
830 0 _aMemoria
_974510
901 _aBK
942 _cCD
949 _aCD-368
_bBC
_cCD
_d33724002251470
_eCD
_gDonaciØn
_i113000
_sb
999 _c101340
_d101340